[Event "Open Univ La Punta CAA"]
[Site "Buenos Aires ARG"]
[Date "2009.05.28"]
[Round "5"]
[White "Bianchi,L"]
[Black "Della Morte,G"]
[Result "1-0"]
[WhiteElo "2098"]
[BlackElo "2383"]

1.d4 Nf6 2.c4 g6 3.Nc3 Bg7 4.e4 d6 5.Nf3 O-O 6.Be2 e5 7.d5 a5 8.O-O Na6 9.Bg5 h6
10.Bh4 Qe8 11.Nd2 Nh7 12.a3 h5 13.f3 Bd7 14.b3 Bh6 15.Rb1 Be3+ 16.Bf2 Bxf2+
17.Rxf2 Qb8 18.Kh1 Qa7 19.Rf1 Qe3 20.Qc2 h4 21.Nd1 Qc5 22.Qb2 f5 23.b4 axb4
24.axb4 Qd4 25.Qxd4 exd4 26.c5 Nf6 27.Bc4 b5 28.cxb6 cxb6 29.Nf2 b5 30.Be2 Rfe8
31.g3 hxg3 32.hxg3 Nxd5 33.Nb3 Nc3 34.Rb2 d5 35.Nxd4 dxe4 36.fxe4 fxe4 37.Bg4 Red8
38.Ne6 Bxe6 39.Bxe6+ Kg7 40.Rc1 Na4 41.Re2 Rd4 42.Nxe4 Rxb4 43.Nd6 N4c5 44.Bd5 Ra7
45.Ne8+ Kh6 46.Kg2 Nd3 47.Rh1+ Kg5 48.Nd6 Nac5 49.Rf1 Kh6 50.Rh1+ Kg5 51.Rf1 Rd4
52.Nxb5 Rxd5 53.Nxa7 Ne5 54.Nb5 Ng4 55.Rf3 Nd3 56.Nc3 Rd4 57.Ne4+ Kh6 58.Nf6 Nge5
59.Rfe3 Nc6 60.Re4 Rd8 61.Rh4+ Kg5 62.Ne4+ Kf5 63.Nf2 Nde5 64.Rf4+ Kg5 65.Nh3+ Kh6
66.Rh4+ Kg7 67.Ng5 Kf6 68.Ne4+ Kg7 69.Nc5 Rd5 70.Ne6+ Kf6 71.Nf4 Rd6 72.Rh8 Kf7
73.Rb2 Kf6 74.Rf2 Kg7 75.Re8 Kf7 76.Rc8 Kg7 77.Rc7+ Kh6 78.Nh3 g5 79.Rc2 Kg6
80.Nf2 Kf5 81.Rc8 Ne7 82.Rf8+ Kg6 83.Ne4 Re6 84.Rcf2 Ng4 85.Re2 Nf5 86.Rg8+ Kh6
87.Re1 Ng7 88.Rh1+ Kg6 89.Nxg5 Ra6 90.Ne4 Ra4 91.Nc5 Ra2+ 92.Kf3 Nh2+ 93.Ke4 Kf7
94.Rb8 Ng4 95.Rf1+ Kg6 96.Rb6+ Kg5 97.Rf7 Nf2+ 98.Kf3 Nh5 99.Rd7 Nf6 100.Ne6+ Kf5
101.Nd4+ Kg5 102.Ne6+ Kf5 103.Nd4+ Kg6 104.Rdb7 Ng4 105.Rb2 Ra4 106.Ne2 Ne5+
107.Kg2 Nfg4 108.R7b4 Ne3+ 109.Kh3 Ra1 110.Rb1 Ra7 111.Rh4 Nf5 112.Nf4+ Kg7
113.Rh5 Rf7 114.Rb5 Kf6 115.g4  1-0

[Event "TOP 16 Poule Basse"]
[Site "Le Port Marly FRA"]
[Date "2009.05.28"]
[Round "8"]
[White "Gozzoli,Y"]
[Black "Bijaoui,M"]
[Result "1/2-1/2"]
[WhiteElo "2499"]
[BlackElo "2409"]

1.d4 Nf6 2.c4 g6 3.Nc3 Bg7 4.e4 d6 5.Nf3 O-O 6.Be2 e5 7.O-O exd4 8.Nxd4 Re8
9.f3 Nc6 10.Be3 Nh5 11.Qd2 Nxd4 12.Bxd4 Nf4 13.Rfd1 Bxd4+ 14.Qxd4 Nxe2+ 15.Nxe2 b6
16.Nc3 Bb7 17.Rac1 Re5 18.Qxe5 dxe5 19.Rxd8+ Rxd8 20.Rc2 c6 21.Kf2 Kg7 22.Ke2 f5
23.c5 Rd4 24.cxb6 axb6 25.b3 c5 26.exf5 gxf5 27.Na4 Rb4 28.Ke3 Bc6  1/2-1/2

[Event "Subic Open"]
[Site "Subic PHI"]
[Date "2009.05.28"]
[Round "5"]
[White "Bagamasbad,E"]
[Black "Milagrosa,A"]
[Result "1-0"]
[WhiteElo "2283"]
[BlackElo "2227"]

1.c4 g6 2.Nc3 Bg7 3.d4 d6 4.e4 Nf6 5.Be2 O-O 6.Nf3 e5 7.O-O Na6 8.Bg5 h6
9.Bh4 Qe8 10.d5 Nc5 11.Nd2 a5 12.Qc2 Bd7 13.Rad1 b6 14.Ndb1 Ncxe4 15.Nxe4 Nxe4
16.Qxe4 f5 17.Qc2 g5 18.Bg3 f4 19.Bd3 Qe7 20.Nc3 g4 21.Rde1 Qd8 22.f3 fxg3
23.hxg3 gxf3 24.gxf3 Bh3 25.Rf2 e4 26.Rxe4 Bf5 27.Rh4 Bd7 28.Kg2 Qg5 29.f4 Qf6
30.f5 Qe5 31.Re4 Qf6 32.Rg4 Kh8 33.Rg6 Qe5 34.Re2 Qd4 35.Re4 Qc5  1-0

[Event "TOP 16 Poule Haute"]
[Site "Le Port Marly FRA"]
[Date "2009.05.29"]
[Round "9"]
[White "Feller,S"]
[Black "Apicella,M"]
[Result "1-0"]
[WhiteElo "2539"]
[BlackElo "2521"]

1.d4 Nf6 2.c4 g6 3.Nc3 Bg7 4.e4 d6 5.Nf3 O-O 6.Be2 e5 7.Be3 Nbd7 8.O-O Re8
9.Qc2 exd4 10.Nxd4 c6 11.Rad1 a6 12.f3 d5 13.cxd5 cxd5 14.f4 dxe4 15.g4 h6
16.g5 hxg5 17.fxg5 Nh7 18.Rxf7 Nxg5 19.Rff1 Re5 20.Kh1 Kh7 21.Bf4 Qe7 22.Bxe5 Qxe5
23.Nf5 Nf6 24.Nxg7 Kxg7 25.Rxf6 Qxf6 26.Nd5 Qc6 27.Qd2 Ne6 28.Qb4 Nc5 29.Qd4+ Kh7
30.Ne7 Qb6 31.Rc1 Na4 32.Qxa4 Qe3 33.Rc7 Kh6 34.Qe8 Bf5 35.Nxf5+  1-0

[Event "Copper State Int"]
[Site "Mesa USA"]
[Date "2009.05.29"]
[Round "1"]
[White "Gareev,T"]
[Black "Morshedi,A"]
[Result "1-0"]
[WhiteElo "2590"]
[BlackElo "2347"]

1.d4 Nf6 2.c4 g6 3.Nc3 Bg7 4.e4 d6 5.Nf3 O-O 6.Be2 e5 7.d5 a5 8.h3 Na6 9.Be3 Bd7
10.Nd2 Rb8 11.O-O Ne8 12.Rc1 Qh4 13.Kh1 f5 14.exf5 Bxf5 15.Nf3 Qe7 16.Ng5 Kh8
17.Bg4 Nc5 18.Qd2 Bf6 19.Be2 h6 20.Nf3 g5 21.Rce1 Qh7 22.Nh2 Nd3 23.Rd1 Nf4
24.Bg4 Bd3 25.Rfe1 Bxc4 26.Bf3 b6 27.Nf1 Ba6 28.Ng3 Bc8 29.Be4 Qf7 30.Bb1 Be7
31.Qc2 Nf6 32.Nf5 Qh5 33.Bxf4 Bxf5 34.Qxf5 gxf4 35.Qxh5 Nxh5 36.Nb5 Bd8 37.Rc1 Nf6
38.Red1 Rf7 39.Bf5 Rg7 40.Kg1 Kg8 41.Kf1 Rb7 42.Rc4 Nd7 43.a3 Nc5 44.b4 Nb3
45.Rd3 Nd4 46.Nxd4 exd4 47.Be6+ Kh7 48.Rcxd4 axb4 49.Rxf4 Ra7 50.Rxb4 Bf6
51.Rf3 Be5 52.Rf8 h5 53.f4  1-0

[Event "TOP 16 Poule Basse"]
[Site "Le Port Marly FRA"]
[Date "2009.05.30"]
[Round "10"]
[White "Lazarev,V"]
[Black "Riazantsev,A"]
[Result "1/2-1/2"]
[WhiteElo "2479"]
[BlackElo "2635"]

1.d4 Nf6 2.c4 g6 3.Nc3 Bg7 4.e4 d6 5.Nf3 O-O 6.Be2 Nbd7 7.O-O e5 8.Qc2 Nh5
9.Bg5 f6 10.Be3 Nf4 11.Rfd1 Nxe2+ 12.Qxe2 Rf7 13.dxe5 dxe5 14.c5 Qe8 15.Rac1 Nf8
16.b4 Ne6 17.h3 Bd7 18.Qc4 c6 19.a4 Nc7 20.Rb1 a6 21.Qe2 Be6 22.Nd2 f5 23.f3 f4
24.Bf2 Rd8 25.Nc4 Rxd1+ 26.Rxd1 Rd7 27.Nd6 Qf8 28.b5 axb5 29.axb5 Ne8 30.bxc6 bxc6
31.Nxe8 Qxe8 32.Rxd7 Qxd7 33.Qa6 g5 34.Na4 Bf8 35.Nb6 Qd1+ 36.Kh2 Qc2 37.Bg1 Bxc5
38.Qa8+ Kf7 39.Qb7+ Kg6 40.Bxc5 Qxc5 41.Qc7 h6 42.Nd7 Bxd7  1/2-1/2

[Event "TOP 16 Poule Basse"]
[Site "Le Port Marly FRA"]
[Date "2009.05.30"]
[Round "10"]
[White "Karr,JP"]
[Black "Taddei,B"]
[Result "0-1"]
[WhiteElo "2388"]
[BlackElo "2314"]

1.d4 Nf6 2.c4 g6 3.Nc3 Bg7 4.e4 d6 5.Nf3 O-O 6.Be2 Nbd7 7.O-O e5 8.Be3 Re8
9.d5 Nh5 10.Re1 Bf8 11.b4 Ng7 12.Nd2 f5 13.f3 f4 14.Bf2 g5 15.Rc1 Nf6 16.c5 Re7
17.Nc4 Nge8 18.a4 Rg7 19.h3 h5 20.Kf1 g4 21.hxg4 hxg4 22.Bd3 Nh5 23.Ke2 Be7
24.Rh1 gxf3+ 25.gxf3 Ng3+ 26.Kd2 Nxh1 27.Qxh1 Qd7 28.c6 bxc6 29.dxc6 Qh3
30.Nd5 Kf7 31.Na5 Rg2 32.Qxh3 Bxh3 33.Ke1 Rh2 34.Ba6 Nf6 35.Nxc7 d5 36.Nxa8 Bxb4+
37.Ke2 Bxa5 38.c7 dxe4 39.c8=Q Bxc8 40.Bxc8 e3 41.Rf1 Nh5  0-1

[Event "TOP 16 Poule Haute"]
[Site "Le Port Marly FRA"]
[Date "2009.05.30"]
[Round "10"]
[White "Wirig,A"]
[Black "Apicella,M"]
[Result "0-1"]
[WhiteElo "2472"]
[BlackElo "2521"]

1.d4 Nf6 2.c4 g6 3.Nc3 Bg7 4.e4 d6 5.Nf3 O-O 6.Be2 e5 7.O-O Nbd7 8.Be3 Re8
9.d5 Nh5 10.Re1 Nf4 11.Bf1 Nf6 12.h3 h6 13.Kh2 g5 14.g3 Ng6 15.Nd2 c5 16.a3 g4
17.b4 b6 18.Rb1 Qd7 19.Qa4 Qe7 20.bxc5 bxc5 21.Qc6 Bd7 22.Qa6 Bc8 23.Qc6 Bd7
24.Qc7 Rec8 25.Qa5 gxh3 26.f3 Nh5 27.Rb7 Nxg3 28.Rxa7 Rab8 29.Rb1 Rxb1 30.Ncxb1 Nf4
31.Bf2 Nxf1+ 32.Nxf1 Qg5 33.Bg3 h5 34.Rxd7 h4 35.Rb7 Ne2 36.Qe1 hxg3+ 37.Nxg3 Nd4
38.Kxh3 Bf6 39.Kg2 Qf4 40.Qf2 Bh4 41.Kh3 Kh8 42.Nh5 Bxf2 43.Nxf4 exf4 44.Rxf7 Rg8
45.Rxf4 Rg3+  0-1

[Event "Doroshkevicha Mem"]
[Site "Belorechensk RUS"]
[Date "2009.05.31"]
[Round "9"]
[White "Smirnov,P"]
[Black "Kryakvin,D"]
[Result "0-1"]
[WhiteElo "2575"]
[BlackElo "2583"]

1.d4 Nf6 2.c4 g6 3.Nc3 Bg7 4.e4 d6 5.Nf3 O-O 6.Be2 e5 7.Be3 Ng4 8.Bg5 f6
9.Bh4 g5 10.Bg3 Nh6 11.d5 Nd7 12.Nd2 f5 13.exf5 Nf6 14.Nde4 Nxe4 15.Nxe4 Bxf5
16.Bd3 g4 17.O-O Qe8 18.Re1 Qg6 19.Qd2 Rf7 20.b4 Raf8 21.Bh4 Bxe4 22.Bxe4 Nf5
23.c5 Bh6 24.Qd3 Bg5 25.Bxg5 Qxg5 26.Bxf5 Rxf5 27.Re2 h5 28.c6 b6 29.Qa6 h4
30.Qxa7 Rxf2 31.Rxf2 Qe3  0-1

[Event "XXXI Nezhmetdinov Mem"]
[Site "Kazan RUS"]
[Date "2009.06.01"]
[Round "2"]
[White "Mikheev,S"]
[Black "Kokarev,Dm"]
[Result "0-1"]
[WhiteElo "2319"]
[BlackElo "2603"]

1.d4 Nf6 2.c4 g6 3.Nc3 Bg7 4.e4 O-O 5.Nf3 d6 6.Be2 c6 7.O-O e5 8.dxe5 dxe5
9.Qxd8 Rxd8 10.Bg5 h6 11.Rad1 Re8 12.Be3 Bf8 13.a3 Nbd7 14.Ne1 Nc5 15.f3 Nb3
16.Nc2 Be6 17.Nb1 a5 18.g3 Nd7 19.Kg2 Nbc5 20.Nd2 Na4 21.Rb1 Ndc5 22.b4 axb4
23.axb4 Nc3 24.bxc5 Nxe2 25.Kf2 Nc3 26.Rxb7 Red8 27.Nb4 Bxc5 28.Bxc5 Rxd2+
29.Ke3 Rad8 30.f4 Bg4 31.Nd5 Re2+ 32.Kd3 Nxe4 33.Be3 cxd5 34.h3 dxc4+ 35.Kxe4 f5+
36.Kxe5 Rxe3+  0-1

[Event "59th ch-RUS w HL"]
[Site "Voronezh RUS"]
[Date "2009.06.04"]
[Round "4"]
[White "Savina,A"]
[Black "Khropova,L"]
[Result "1-0"]
[WhiteElo "2258"]
[BlackElo "2014"]

1.d4 Nf6 2.c4 g6 3.Nc3 Bg7 4.e4 d6 5.Nf3 O-O 6.Be2 e5 7.O-O c6 8.d5 c5 9.Rb1 Na6
10.a3 b6 11.b4 Nc7 12.Nd2 Bd7 13.Nb3 Nce8 14.Qc2 Ng4 15.h3 Nh6 16.f4 exf4
17.Bxf4 f5 18.bxc5 bxc5 19.e5 dxe5 20.Be3 Nd6 21.Bxc5 Nhf7 22.Bf2 f4 23.c5 Nf5
24.d6 Bc6 25.Bb5 Rc8 26.Bxc6 Rxc6 27.Qe4 Qd7 28.Nb5 Nd8 29.Nc7 Kh8 30.Na5 Nxd6
31.cxd6 Rxd6 32.Rbc1 Nf7 33.Nb7 Ng5 34.Qc4 Rd2 35.h4 Nh3+ 36.gxh3 Qxh3 37.Qe6 Rf5
38.Qe8+ Bf8 39.Nd8 f3 40.Nf7+ Rxf7 41.Qxe5+ Kg8 42.Qh2 Qxh2+ 43.Kxh2 Bd6+
44.Kg1 Bxc7 45.Rfd1 Rxd1+ 46.Rxd1 a5 47.a4 h6 48.Rd5 Kf8 49.Be3 h5 50.Kf1 Ke7
51.Rg5 Rf6 52.Bd2 Bf4 53.Bxf4 Rxf4 54.Rxg6 Rg4 55.Rh6 Rxh4 56.Kf2 Kf7 57.Kxf3 Kg7
58.Ra6 Rxa4 59.Kg3 Rg4+ 60.Kh3 Ra4 61.Kg3 Kf7 62.Kh3 Ke7 63.Rh6 h4 64.Rh5 Kd6
65.Kh2 Kc6 66.Kg2 Kb6 67.Rh6+ Kb5 68.Rh5+ Kb4 69.Rxh4+ Kb3 70.Rh3+ Kb2 71.Rh5 Ra2
72.Kf1 a4 73.Ke1 Kc1 74.Rh4 a3 75.Ra4 Kc2 76.Ra8 Ra1+ 77.Ke2 Kb2 78.Kd2 Rb1
79.Rb8+ Ka1 80.Ra8 a2  1-0

[Event "National Open"]
[Site "Las Vegas USA"]
[Date "2009.06.05"]
[Round "2"]
[White "Fressinet,L"]
[Black "Sharavdorj,D"]
[Result "1/2-1/2"]
[WhiteElo "2664"]
[BlackElo "2422"]

1.d4 Nf6 2.Nf3 g6 3.c4 Bg7 4.Nc3 d6 5.e4 O-O 6.Be2 e5 7.Be3 Ng4 8.Bg5 f6
9.Bc1 Nc6 10.d5 Nd4 11.Nxd4 exd4 12.Nb5 f5 13.O-O Ne5 14.exf5 d3 15.Bxd3 Nxd3
16.Qxd3 Bxf5 17.Qd1 a6 18.Nd4 Qh4 19.Be3 Rae8 20.Qd2 Bxd4 21.Bxd4 Re4 22.Bc3 Rfe8
23.f3 Re2 24.Qd4 Qxd4+ 25.Bxd4 Rc2 26.Rfc1 Ree2 27.Rxc2 Rxc2 28.b3 Rd2 29.Bc3 Rc2
30.Bf6 Kf7 31.Bd8 Rb2 32.Re1 Rb1 33.Kf2 Rxe1 34.Kxe1 c6 35.Kd2 cxd5 36.cxd5 Ke8
37.Bg5 Bb1 38.Kc3 Kd7 39.Bh6 Ke7 40.a3 Ke8 41.h4 Ke7 42.Bg5+ Ke8 43.Bf4 Kd7
44.Be3 Ke7 45.g4 Ke8 46.Bf4 Kd7 47.Bh2 Ke7 48.Bg3 Kd7 49.h5 gxh5 50.gxh5 Bf5
51.Kd4 Bc2 52.b4 Ke7 53.Bh4+ Ke8 54.h6 Bd1 55.f4 Bc2 56.Kc3 Be4 57.Kc4 Kd7
58.Bf6 Ke8 59.Bg7 Ke7  1/2-1/2

[Event "National Open"]
[Site "Las Vegas USA"]
[Date "2009.06.05"]
[Round "2"]
[White "Gurevich,D"]
[Black "Johansson,CF"]
[Result "1-0"]
[WhiteElo "2494"]
[BlackElo "2241"]

1.d4 Nf6 2.c4 g6 3.Nc3 Bg7 4.e4 d6 5.Nf3 O-O 6.Be2 e5 7.O-O exd4 8.Nxd4 Re8
9.f3 c6 10.Kh1 Na6 11.Bg5 Qb6 12.Nb3 Nc5 13.Qxd6 Nxb3 14.axb3 Be6 15.Na4 Qa5
16.Nc5 Qb6 17.Na4 Qa5 18.e5 Nd7 19.f4 Bf8 20.Qd1 Qb4 21.Bg4 Bxg4 22.Qxg4 Nb6
23.Nxb6 axb6 24.Rxa8 Rxa8 25.f5 Qc5 26.fxg6 hxg6 27.Qf4 f5 28.exf6 Kf7 29.Qc7+ Kg8
30.Qf4 Kf7 31.Qh4 Qf5 32.Qh7+ Ke6 33.Re1+ Kd6 34.Rd1+  1-0

[Event "1st SCS GM Open"]
[Site "Bhubaneswar IND"]
[Date "2009.06.08"]
[Round "2"]
[White "Rychagov,A"]
[Black "Sai,KG"]
[Result "1/2-1/2"]
[WhiteElo "2530"]
[BlackElo "2180"]

1.d4 Nf6 2.Nf3 g6 3.c4 Bg7 4.Nc3 O-O 5.e4 d6 6.Be2 e5 7.Be3 exd4 8.Nxd4 Re8
9.f3 c6 10.Qd2 d5 11.exd5 cxd5 12.c5 Nc6 13.Bf2 Nh5 14.O-O Be5 15.g3 Be6
16.Rfe1 Nxd4 17.Bxd4 Bxd4+ 18.Qxd4 Qf6 19.Nb5 Rec8 20.Rac1 Qxd4+ 21.Nxd4 Ng7
22.Bd3 a5 23.b3 Kf8 24.Kf2 Bd7 25.Re5 Bc6 26.a3 Re8 27.Rce1 Rxe5 28.Rxe5 Ne8
29.g4 Nc7 30.g5 Re8 31.Rxe8+ Bxe8 32.Ke3 Ke7 33.f4 f6 34.h4 Na8 35.b4 axb4
36.axb4 b6 37.c6 Nc7 38.b5 f5 39.h5 Kd6 40.h6 Bf7 41.Nb3 Ne6 42.Be2 Nc7 43.Kd4 Ne6+
44.Ke3 Nc7  1/2-1/2

[Event "1st SCS GM Open"]
[Site "Bhubaneswar IND"]
[Date "2009.06.08"]
[Round "3"]
[White "Saravanan,V1"]
[Black "Panigrahi,M"]
[Result "1/2-1/2"]
[WhiteElo "2391"]
[BlackElo "2242"]

1.Nf3 d6 2.d4 Nf6 3.c4 g6 4.Nc3 Bg7 5.e4 O-O 6.Be2 e5 7.Be3 exd4 8.Nxd4 Re8
9.f3 c6 10.Bf2 d5 11.exd5 cxd5 12.O-O Nc6 13.c5 Nh5 14.Qd2 Be5 15.g3 Qf6
16.Rad1 Bh3 17.Rfe1 Nf4 18.Ncb5 Ne6 19.Nxe6 fxe6 20.f4 Bb8 21.Qc3 Qxc3 22.bxc3 a6
23.Nd6 Bxd6 24.cxd6 Rad8 25.g4 h5 26.gxh5 Rxd6 27.hxg6 e5 28.fxe5 Rxe5 29.Bg3 Rxg6
30.Bf3 Rxe1+ 31.Rxe1 d4 32.cxd4 Nxd4 33.Bxb7 Bd7 34.Rd1 Ne2+ 35.Kf2 Nxg3
36.Rxd7 Nf5 37.Bd5+ Kh8 38.Kf3 Rh6 39.Kf4 Nd4 40.Rd8+ Kg7 41.Ke5 Nc6+ 42.Bxc6 Rxc6
43.Rd7+ Kf8 44.Rd6 Rc2 45.Rxa6 Rxh2 46.a4 Rh5+ 47.Kd4 Ke7 48.Kc4 Kd7 49.Rb6 Kc7
50.Rb1 Kc6  1/2-1/2

[Event "XLIV Capablanca Memorial Open"]
[Site "Havana CUB"]
[Date "2009.06.08"]
[Round "1"]
[White "Miranda,Y"]
[Black "Espinosa,E"]
[Result "1/2-1/2"]
[WhiteElo "2196"]
[BlackElo "2395"]

1.d4 Nf6 2.c4 g6 3.Nc3 Bg7 4.e4 d6 5.Nf3 O-O 6.Be2 Nbd7 7.O-O e5 8.Be3 a5
9.dxe5 Nxe5 10.Qc2 c6 11.Nd2 Qe7 12.Na4 c5 13.Rfd1 b6 14.a3 Bg4  1/2-1/2

[Event "1st SCS GM Open"]
[Site "Bhubaneswar IND"]
[Date "2009.06.10"]
[Round "5"]
[White "Kuzubov,Y"]
[Black "Matta,V"]
[Result "1-0"]
[WhiteElo "2632"]
[BlackElo "2317"]

1.d4 Nf6 2.c4 g6 3.Nc3 Bg7 4.e4 d6 5.Be2 O-O 6.Nf3 e5 7.Be3 h6 8.O-O Ng4
9.Bc1 Nc6 10.d5 Ne7 11.b4 f5 12.c5 Nf6 13.Nd2 Kh8 14.f3 h5 15.Nc4 f4 16.Ba3 g5
17.Rc1 Ng6 18.b5 Ne8 19.Na4 b6 20.cxd6 cxd6 21.Nd2 Bd7 22.Rc6 Rf6 23.Nc4 Bf8
24.Nc3 Rb8 25.Bb4 Rb7 26.a4 Nh4 27.Kh1 Qe7 28.Rf2 Qg7 29.g3 Ng6 30.a5 fxg3
31.hxg3 h4 32.Rh2 Kg8 33.g4 bxa5 34.Bxa5 Nf4 35.Bf1 Qf7 36.Ne3 Nh5 37.Nf5 Ng3+
38.Kg1 Rxf5 39.exf5 Nf6 40.Bd8 Be7 41.Bxe7 Qxe7 42.Qc1 Ne8 43.Bd3 Qd8 44.Qe3 Bxc6
45.dxc6 Rg7 46.Bc4+ Kf8 47.Ra2 Qb8  1-0

[Event "XLIV Capablanca Memorial Open"]
[Site "Havana CUB"]
[Date "2009.06.11"]
[Round "4"]
[White "Otero,Di"]
[Black "Mena Crespo,C"]
[Result "1-0"]
[WhiteElo "2431"]
[BlackElo "2353"]

1.d4 Nf6 2.c4 g6 3.Nc3 Bg7 4.e4 d6 5.Nf3 O-O 6.Be2 Nbd7 7.O-O e5 8.Be3 a5
9.dxe5 dxe5 10.Nd2 c5 11.Qc2 b6 12.Rfd1 h6 13.Ndb1 Qe8 14.Na3 Qe6 15.Nab5 Ne8
16.Bf3 h5 17.b3 Kh7 18.Rd3 Rb8 19.Rad1 Rb7 20.Qe2 Ndf6 21.Nd6 Nxd6 22.Rxd6 Qe8
23.Na4 Nd7 24.Rc6 Qe7 25.Rdd6 Rd8 26.Qd1 Bf6 27.Nc3 Nb8 28.Rxd8 Nxc6 29.Rxc8 Qe6
30.Ra8 Rd7 31.Nd5 Bd8 32.h3 Na7 33.Bxh5 Qc6 34.Bg4 Rd6 35.Rxa7  1-0

[Event "FSGM June"]
[Site "Budapest HUN"]
[Date "2009.06.12"]
[Round "6"]
[White "Kovacs,Ga2"]
[Black "Paschall,W"]
[Result "1-0"]
[WhiteElo "2524"]
[BlackElo "2376"]

1.d4 Nf6 2.c4 d6 3.Nf3 g6 4.Nc3 Bg7 5.e4 O-O 6.Be2 e5 7.O-O exd4 8.Nxd4 Re8
9.f3 Nc6 10.Be3 Nh5 11.Qd2 Nxd4 12.Bxd4 Nf4 13.Rfd1 Bxd4+ 14.Qxd4 Nxe2+ 15.Nxe2 b6
16.Qd2 a5 17.Nd4 Bd7 18.Kh1 Qh4 19.Rg1 f5 20.exf5 gxf5 21.Rac1 Qe7 22.Rge1 Qg7
23.Re2 Kh8 24.Rce1 Rxe2 25.Rxe2 Qf6 26.Re3 Re8 27.Rxe8+ Bxe8 28.h3 Bd7 29.Ne2 Be6
30.b3 Kg7 31.Nc3 h6 32.Nb5 Qa1+ 33.Kh2 Qe5+ 34.f4 Qc5 35.Qc3+ Kg6 36.Nd4 Bd7
37.Nf3 Qf2 38.Qh8 Be6 39.Qe8+ Bf7 40.Qe7 Kg7 41.Qxc7 Qc5 42.Qd7 Kf6 43.Nh4 a4
44.Qxa4 Qf2 45.Nf3 Bh5 46.Qa8 Bxf3 47.Qxf3 Qxa2 48.Qc3+ Ke7 49.Qe3+ Kd7 50.Qxb6 Qd2
51.Qb7+ Kd8 52.Qf3 h5 53.Qg3 Kc7 54.Qg5 Qc2 55.Qxh5 Qxb3 56.Qf7+ Kb6 57.Qd5 Kc7
58.Qd4 Qc2 59.h4 Kd7 60.h5 Qe2 61.Qg7+ Kc6 62.Qg5 Qxc4 63.Qxf5 Qe2 64.h6 Qf2
65.Qg4 Qd4 66.h7 Qf6 67.Qg5 Qf8 68.Qh4 Qh8 69.Qe7 Qd4 70.Qf8  1-0

[Event "13th Open"]
[Site "Voronezh RUS"]
[Date "2009.06.12"]
[Round "1"]
[White "Chuprikov,D"]
[Black "Sukhareva,E"]
[Result "1-0"]
[WhiteElo "2414"]
[BlackElo "2182"]

1.d4 Nf6 2.c4 g6 3.Nc3 Bg7 4.e4 d6 5.Nf3 O-O 6.Be2 e5 7.Be3 Ng4 8.Bg5 f6
9.Bh4 Qe8 10.O-O Nc6 11.d5 Ne7 12.Nd2 Nh6 13.f3 f5 14.b4 Nf7 15.c5 Bd7 16.Nc4 g5
17.Bf2 f4 18.a4 h5 19.Nb5 Qb8 20.Rc1 Rc8 21.Na5 b6 22.Nc4 Bf6 23.c6 Be8 24.a5 Ng6
25.Ra1 Bd8 26.axb6 axb6 27.Qb3 Nh6 28.Ra3 Bf7 29.Rfa1 Rxa3 30.Rxa3 Be7 31.h3 Nf8
32.Qa2 Nf5 33.exf5 Bxd5 34.Qc2 Bf7 35.Ra7 Bf6 36.Ncxd6 Rd8 37.Nxf7 Kxf7 38.Rxc7+  1-0

[Event "13th Open"]
[Site "Voronezh RUS"]
[Date "2009.06.12"]
[Round "1"]
[White "Shishkin,Alek2"]
[Black "Petrushin,A1"]
[Result "0-1"]
[WhiteElo "2238"]
[BlackElo "2456"]

1.Nf3 Nf6 2.c4 g6 3.Nc3 Bg7 4.e4 d6 5.d4 O-O 6.Be2 e5 7.dxe5 dxe5 8.Qxd8 Rxd8
9.Bg5 Re8 10.Nd5 Nxd5 11.cxd5 c6 12.Bc4 cxd5 13.Bxd5 Nc6 14.Ke2 Be6 15.Rhd1 f5
16.Bxe6+ Rxe6 17.Rd7 f4 18.Rxb7 h6 19.Bh4 g5 20.Bxg5 hxg5 21.Nxg5 Rg6 22.h4 Nd4+
23.Kf1 Rc6 24.Rd1 Rac8 25.Rxa7 Rc2 26.Rb7 Rd2 27.Rb1 Bf6 28.Kg1 Rcc2 29.Rf1 Ne2+
30.Kh1 Rxb2 31.Rxb2 Rxb2 32.Ra1 Bxg5 33.hxg5 Kg7 34.a4 Rb8 35.Ra3 Rh8+ 36.Rh3 Ra8
37.Ra3 Kg6 38.a5 Ra6 39.g3 Kxg5 40.Kg2 Nd4 41.f3 Rc6 42.Ra2 Ra6 43.Ra3 Ne2
44.g4 Nd4 45.Kh3 Nc2 46.Rc3 Ne3 47.Kh2 Rxa5 48.Kh3 Ra1 49.Kh2 Kh4  0-1

[Event "13th FIDE Open"]
[Site "Voronezh RUS"]
[Date "2009.06.12"]
[Round "1"]
[White "Serdjukov,S"]
[Black "Evteev,Alexe"]
[Result "1-0"]
[WhiteElo "2159"]
[BlackElo "1888"]

1.d4 Nf6 2.Nf3 g6 3.c4 Bg7 4.Nc3 d6 5.e4 O-O 6.Be2 Nbd7 7.O-O e5 8.Re1 exd4
9.Nxd4 Nc5 10.f3 a5 11.Ndb5 Be6 12.Be3 Nfd7 13.Nd4 Qe7 14.Qd2 Rae8 15.Bf1 Ne5
16.Nd5 Qd7 17.Qxa5 Ned3 18.Bxd3 Nxd3 19.Re2 c5 20.Nb6 Qd8 21.Nxe6 fxe6 22.Qb5 Qh4
23.Nd7 Be5 24.Nxe5 Nxe5 25.Rf1 Re7 26.Bf2 Qf6 27.Bg3 Ra8 28.a3 Nd3 29.Rd2 Nf4
30.Rxd6 Ne2+ 31.Kf2 Nxg3 32.hxg3 Qe5 33.Rfd1 Rf8 34.Rd8 Rf7 35.Rxf8+ Rxf8
36.Rd2 Qg5 37.Qd7 Qe5 38.Qxb7 Rb8 39.f4 Rxb7 40.fxe5  1-0

[Event "TCh-BUL"]
[Site "Sunny Beach BUL"]
[Date "2009.06.13"]
[Round "6"]
[White "Dobrev,Nan"]
[Black "Janachkov,A"]
[Result "1-0"]
[WhiteElo "2366"]
[BlackElo "2246"]

1.d4 Nf6 2.Nf3 g6 3.c4 Bg7 4.Nc3 O-O 5.e4 d6 6.Be2 e5 7.O-O Nbd7 8.d5 Nc5
9.Qc2 a5 10.Bg5 h6 11.Be3 b6 12.Nd2 Bg4 13.h3 Bd7 14.b3 Nh7 15.a3 f5 16.f3 f4
17.Bf2 Qg5 18.Kh2 Bf6 19.Rfb1 Qh5 20.Qd1 Bh4 21.Qe1 Bxf2 22.Qxf2 Rf7 23.b4 Nb7
24.c5 bxc5 25.bxa5 Nxa5 26.Rb2 g5 27.Rab1 Qg6 28.Qf1 h5 29.Rb8+ Rf8 30.Rxa8 Rxa8
31.Nb5 Bxb5 32.Bxb5 Nf6 33.Qe1 Kf7 34.Nf1 g4 35.Be2 Ke7 36.Rb5 gxh3 37.g3 Nxe4
38.fxe4 Qxe4 39.Qf2 Rf8 40.Bxh5 Nc4 41.gxf4 exf4 42.Bf3 Qe5 43.Qh4+ Rf6 44.Rb7 Nb6
45.Rxc7+  1-0

[Event "13th Master Open"]
[Site "Voronezh RUS"]
[Date "2009.06.13"]
[Round "2"]
[White "Tunik,G"]
[Black "Semenova,Ir"]
[Result "1-0"]
[WhiteElo "2499"]
[BlackElo "2263"]

1.d4 Nf6 2.c4 g6 3.Nc3 Bg7 4.e4 d6 5.Nf3 O-O 6.Be2 e5 7.Be3 Ng4 8.Bg5 f6
9.Bh4 g5 10.Bg3 Nh6 11.dxe5 dxe5 12.Qd5+ Kh8 13.h3 Qe7 14.O-O Na6 15.Qd2 Be6
16.Nd5 Qf7 17.Qa5 c6 18.Ne3 Qe7 19.Nd2 Rg8 20.Rfd1 Nc5 21.b4 b6 22.Qa3 Nb7
23.Qc3 Rgd8 24.Nb3 Bf8 25.a3 Qf7 26.Rxd8 Rxd8 27.Rd1 Rxd1+ 28.Bxd1 Qd7 29.Bf3 Nf7
30.Bg4 Nbd8 31.f3 Nh6 32.Bxe6 Nxe6 33.Be1 Nf4 34.Qd2 Qc8 35.Kf2 Nf7 36.Nc1 Kg8
37.Ne2 Nxe2 38.Qxe2 Qd7 39.h4 h5 40.hxg5 fxg5 41.Bc3 Kh7 42.Nf5 Kg6 43.a4 Be7
44.Ng3 h4 45.Nf5 Bf6 46.b5 Nd8 47.Qd2 Qxd2+ 48.Bxd2 cxb5 49.cxb5 Ne6 50.Bb4 g4
51.fxg4 Kg5 52.Ne3 Bd8 53.g3 hxg3+ 54.Kxg3 Nf4 55.Kf3 Ne6 56.Nf5 Kf6 57.Bd6 Ng5+
58.Ke3 Ne6 59.Kd3 Kg5 60.Ne3 Kf4 61.Nd5+ Kxg4 62.Bxe5 Nc5+ 63.Kd4 Nxa4 64.Bd6 Bh4
65.Ne3+ Kf3 66.Nd1 Kg4 67.e5 Kf5 68.Kd5 Nc5 69.Bxc5 bxc5 70.Ne3+ Kg6 71.Nc4 Kf7
72.Nd6+ Kf8 73.Kxc5 Bf2+ 74.Kd5 Ke7 75.Nf5+ Ke8 76.e6 Be1 77.Nd4 Bf2 78.Nc6 Bg1
79.Nd4 Bf2 80.Nf5 Be1 81.Kd4 Bf2+ 82.Ke5 Be1 83.Nd6+ Kd8 84.Kf6 Bh4+ 85.Kf7 Kc7
86.Ne8+ Kc8 87.Nf6  1-0

[Event "XLIV Capablanca Memorial Open"]
[Site "Havana CUB"]
[Date "2009.06.14"]
[Round "6"]
[White "Diaz Ordonez,C"]
[Black "Cruz de la Osa,R"]
[Result "1/2-1/2"]
[WhiteElo "2347"]
[BlackElo "2228"]

1.d4 Nf6 2.c4 g6 3.Nc3 Bg7 4.e4 d6 5.Nf3 O-O 6.Be2 Na6 7.O-O e5 8.Re1 Bg4
9.Be3 Re8 10.h3 Bd7 11.Nd2 Ng4 12.Bxg4 Bxg4 13.Qxg4 exd4 14.Bg5 f6 15.Bxf6 Bxf6
16.Nd5 Bg7 17.Rad1 Nc5 18.Nf3 Ne6 19.h4 c6 20.Nb4 Qf6 21.Nd3 Rad8 22.h5 Re7
23.hxg6 Qxg6 24.Qxg6 hxg6 25.e5 d5 26.c5 a5 27.g3 Rf7 28.Kg2 Bf8 29.Nh4 g5
30.Nf3 Be7 31.Re2 Rdf8 32.Nh2 Nxc5 33.Ng4 Kg7 34.e6 Rf5 35.Nde5 Re8 36.Rh1 Bd6
37.Nf3 d3 38.Nd4 Rff8 39.Re3 Ne4 40.Rxd3 Bb8 41.Rb3 Nc5 42.Re3 Ne4 43.Rb3 Nc5
44.Rf3 Rxf3 45.Kxf3 Nxe6 46.Nf5+ Kg6 47.Rh6+ Kf7 48.Rf6+ Kg8 49.Ngh6+ Kh7
50.Kg4 Be5 51.Rf7+ Kg6 52.Rxb7 Nd4 53.f4 gxf4 54.gxf4 Bxf4 55.Kxf4 Re4+ 56.Kg3 Nxf5+
57.Nxf5 Kxf5 58.Rb6 Rg4+ 59.Kf3 Rc4 60.Ke3 Ke5 61.Kd3 a4 62.Ra6 Kd6 63.b3 axb3
64.axb3 Rg4 65.Ra8 Kc5 66.Rd8 Rg3+ 67.Kc2 Kd4 68.Rd6 Rg2+ 69.Kb1 c5 70.Rd8 Re2
71.Rd7 Re5 72.Kc2 Ke4 73.Kc3 Ke3 74.Rd8 Ke2 75.b4 d4+ 76.Kc4 d3 77.bxc5 d2
78.c6 d1=Q 79.Rxd1 Kxd1 80.c7 Re2 81.Kd5 Rc2 82.Kd6  1/2-1/2

[Event "13th Open"]
[Site "Voronezh RUS"]
[Date "2009.06.14"]
[Round "3"]
[White "Korotylev,A"]
[Black "Kalegin,E"]
[Result "0-1"]
[WhiteElo "2607"]
[BlackElo "2490"]

1.d4 Nf6 2.c4 g6 3.Nc3 Bg7 4.e4 d6 5.Be2 O-O 6.Nf3 e5 7.O-O exd4 8.Nxd4 Re8
9.f3 c6 10.Kh1 Nbd7 11.Bg5 Qb6 12.Nb3 a5 13.Qd2 a4 14.Be3 Qd8 15.Nd4 Nh5
16.g4 Nhf6 17.g5 Nh5 18.f4 Nc5 19.Bf3 f6 20.Rg1 fxg5 21.Bxh5 gxf4 22.Bxf4 Qf6
23.Nf5 Nxe4 24.Nxe4 Rxe4 25.Nh6+ Kh8 26.Bg5 Qxb2 27.Qxd6 Be6 28.Rad1 Qe5
29.Qd3 Bxh6 30.Bxh6 Rh4 31.Qd2 Qe4+ 32.Qg2 Rxh2+  0-1

[Event "XXVII Open A"]
[Site "Balatonlelle HUN"]
[Date "2009.06.15"]
[Round "3"]
[White "Videki,S"]
[Black "Vajda,Le"]
[Result "0-1"]
[WhiteElo "2435"]
[BlackElo "2571"]

1.c4 Nf6 2.Nc3 g6 3.d4 Bg7 4.e4 O-O 5.Nf3 d6 6.Be2 Nbd7 7.O-O e5 8.Be3 h6
9.d5 a5 10.Nd2 h5 11.a3 Ng4 12.Bxg4 hxg4 13.f3 gxf3 14.Nxf3 Nc5 15.Qc2 f5
16.b4 axb4 17.axb4 Rxa1 18.Rxa1 Na6 19.Qb3 f4 20.Bf2 g5 21.h3 g4 22.hxg4 Bxg4
23.Kf1 Qe8 24.c5 Qh5 25.Ke2 Qh2 26.Rg1 Bf6 27.c6 Kf7 28.Kf1 Qh5 29.Ke2 Rg8
30.b5 Qh2 31.Nd1 Nc5 32.Bxc5 Bxf3+ 33.Qxf3 dxc5 34.cxb7 Qxg1 35.Qh5+ Ke7
36.Qh7+ Rg7 37.Qxg7+ Bxg7 38.b8=Q Qxg2+ 39.Kd3 c4+ 40.Kxc4 Qxe4+ 41.Kc3 Qd4+
42.Kc2 Qc5+ 43.Kb1 e4  0-1